Statistics for Countries where the largest city is not the capital

Click here to take the quiz!

General Stats

  • This quiz has been taken 42 times
  • The average score is 23 of 33

Answer Stats

HintAnswer% Correct
AucklandNew Zealand
100%
SydneyAustralia
95%
Sao PauloBrazil
95%
TorontoCanada
95%
MumbaiIndia
95%
CassablancaMorocco
95%
LagosNigeria
95%
JohannesburgSouth Africa
95%
ZurichSwitzerland
95%
IstanbulTurkey
95%
DubaiUnited Arab Emirates
95%
New York CityUnited States
95%
ShanghaiChina
92%
Ho Chi Minh CityVietnam
92%
KarachiPakistan
89%
ColomboSri Lanka
87%
New TaipeiTaiwan
87%
YangoonMyanmar
84%
AlmatyKazakhstan
79%
Dar es SalaamTanzania
76%
GuayaquilEcuador
66%
AbidjanIvory Coast
63%
Santa CruzBolivia
55%
SchaanLiechtenstein
55%
CotonouBenin
37%
SerravalleSan Marino
37%
OmdurmanSudan
37%
BirkirkaraMalta
29%
WenoFed. States of Micronesia
26%
Quezon CityPhilipines
26%
BataEquatorial Guinea
24%
KororPalau
24%
ChaguanasTrinidad and Tobago
13%

Score Distribution

Percentile by Number Answered

Percent of People with Each Score

Your Score History

You have not taken this quiz